| 000 | 00000nam##2200000za#4500 |
| 001 | 9.598454 |
| 003 | CaOODSP |
| 005 | 20210624204548 |
| 007 | cr ||||||||||| |
| 008 | 150406|2013||||xxc|||||o f|0| 0 fre|d |
| 020 | |a978-1-100-94115-8 |
| 040 | |aCaOODSP|bfre |
| 043 | |an-cn--- |
| 086 | 1 |aCW69-5/506F-PDF |
| 110 | 2 |aService canadien de la faune. |
| 245 | 10|aObservations de migration des oiseaux de rivage aux lacs Hay-Zama et au lac Kimiwan, Alberta, 2001-2003 / |h[ressource électronique]|c[par] Gerard W. Beyersbergen. |
| 260 | |aEdmonton - Alberta : |bEnvironnement Canada. |cc2013. |
| 300 | |a32p.|bfigures en couleur, tableaux |
| 490 | 1 |aService canadien de la faune, rapport technique|v506 |
| 504 | |aBibliographie. |
| 590 | |a15-01-Supp|b2015-01-26 |
| 775 | 08|tObservations of shorebird migration at Hay-Zama Lakes and Kimiwan Lake, Alberta, 2001-2003 |w(CaOODSP)9.567091 |
| 830 | #0|aSérie de rapports techniques (Service canadien de la faune)|v506|w(CaOODSP)9.500915 |
| 856 | 40|ahttp://publications.gc.ca|qPDF|s5.03 Mo|uhttps://publications.gc.ca/collections/collection_2015/ec/CW69-5-506-fra.pdf|y506 |